01209nam a2200289Ia 4500001001200000003000800012006001900020007001500039008004100054010001700095020002800112040002100140035002100161050002400182100002000206245012800226260005800354300002200412504006600434533015200500650002600652650004300678650002600721655002900747710001700776856012600793ebr10273189CaPaEBRm u cr cn|||||||||000330s2000 enka sb 001 0 eng d z 00037450  z0198295413 (alk. paper) aCaPaEBRcCaPaEBR a(OCoLC)31075657114aHD30.2b.T44 2000eb1 aTeece, David J.10aManaging intellectual capitalh[electronic resource] :borganizational, strategic, and policy dimensions /cDavid J. Teece. aOxford ;aNew York :bOxford University Press,c2000. ax, 300 p. :bill. aIncludes bibliographical references (p. [277]-289) and index. aElectronic reproduction.bPalo Alto, Calif. :cebrary,d2009.nAvailable via World Wide Web.nAccess may be limited to ebrary affiliated libraries. 0aKnowledge management. 0aTechnological innovationsxManagement. 0aIntellectual capital. 7aElectronic books.2local2 aebrary, Inc.40uhttp://site.ebrary.com/lib/rucke/Doc?id=10273189zAn electronic book accessible through the World Wide Web; click to view